Bovinos de carne / (Record no. 140717)

MARC details
000 -LEADER
fixed length control field 00679cam a2200217 4500
008 - FIXED-LENGTH DATA ELEMENTS--GENERAL INFORMATION
fixed length control field s2000mx a spa
020 ## - INTERNATIONAL STANDARD BOOK NUMBER
International Standard Book Number 968-24-3787-3
245 00 - TITLE STATEMENT
Title Bovinos de carne /
Statement of responsibility, etc Basado en el trabajo de Johan H. Koeslag, F. Orozco Luna.
250 ## - EDITION STATEMENT
Edition statement 2a ed.
260 ## - PUBLICATION, DISTRIBUTION, ETC. (IMPRINT)
Place of publication, distribution, etc México :
Name of publisher, distributor, etc Trillas :
-- SEP,
Date of publication, distribution, etc 1990
300 ## - PHYSICAL DESCRIPTION
Extent 101 p. :
Other physical details il. ;
Dimensions 23 cm.
440 #0 - SERIES STATEMENT/ADDED ENTRY--TITLE
Title Manual para educación agropecuaria ;
Name of part/section of a work Área : Producción animal ;
Volume number/sequential designation No. 6
506 ## - RESTRICTIONS ON ACCESS NOTE
Terms governing access Fomes 2001
650 #4 - SUBJECT ADDED ENTRY--TOPICAL TERM
Topical term or geographic name as entry element Cría de ganado.
650 #4 - SUBJECT ADDED ENTRY--TOPICAL TERM
Topical term or geographic name as entry element Ganado de carne.
700 1# - ADDED ENTRY--PERSONAL NAME
Personal name Koeslag, Johan H.,ed.
700 1# - ADDED ENTRY--PERSONAL NAME
Personal name Orozco Luna, F.; ed.
942 ## - ADDED ENTRY ELEMENTS (KOHA)
Source of classification or shelving scheme Biblioteca del Cogreso de los Estados Unidos
Koha item type Libro

No items available.